000 00675nam a2200241Ia 4500
003 GCL
008 140319s9999 xx 000 0 eng d
020 _a015
040 _aGCL /
_cGCL
082 0 4 _a909
_bB A
100 1 _aRICHARD, C.J.
245 1 0 _aANCIENT CIVILIZATIONS :
_bHARCOURT BRACE SOCIAL STUDIES /
_cRICHARD, C.J.
260 _aالنمسا :
_bHARCOURT BRACE & COMPANY,PUBLISHERS
300 _a30CM ؛
_c521 P
650 0 4 _aCIVILIZATION
650 0 4 _aCIVILIZATION HISTORY
650 0 4 _aANCIENT - AFRICA
650 0 4 _aCIVILIZATION, ANCIENT
650 0 4 _aAMERICA - HISTORY
650 0 4 _aANCIENT CHINA
650 0 4 _aANCIENT - HISTORY
942 _2ddc
_cBK
999 _c7728
_d7728